Statystyki dla Państwa które mają najwięcej wysp

Kliknij tutaj aby rozwiązać quiz!

Ogólne statystyki

  • Ten quiz został rozwiązany 55 razy
  • Średni wynik to 8 z 10

Statystyki odpowiedzi

Ilość wyspZgadnięte państwa% Poprawnych
18 617Stany Zjednoczone
96%
52 455Kanada
92%
17 508Indonezja
88%
239 057Norwegia
88%
267 570Szwecja
88%
6 852Japonia
85%
178 947Finlandia
83%
8 222Australia
67%
6 961Chiny
60%
7 641Filipiny
56%

Rozkład punktacji

Percentyl według liczby udzielonych odpowiedzi

Procent ludzi z każdym wynikiem

Twoja historia wyników

Nie rozwiązałeś tego quizu